[Event "Charlotte Holiday GM"]
[Site "Charlotte USA"]
[Date "2021.12.20"]
[Round "3.3"]
[White "Panjwani, Raja"]
[Black "Song, Edward"]
[Result "1/2-1/2"]
[WhiteElo "2431"]
[BlackElo "2365"]
[PlyCount "88"]
[EventDate "2021.12.19"]
[EventType "tourn"]
[EventRounds "9"]
[EventCountry "USA"]
[EventCategory "7"]
[Source "ChessMix"]
[SourceDate "2022.01.01"]
[TimeControl "5400+30"]

1. d4 {[%emt 0:00:04]} d5 {[%emt 0:00:09]} 2. c4 {[%emt 0:00:11]} dxc4 {
[%emt 0:00:05]} 3. Nf3 {[%emt 0:00:12]} Nf6 {[%emt 0:00:05]} 4. e3 {
[%emt 0:00:10]} e6 {[%emt 0:00:07]} 5. Bxc4 {[%emt 0:00:07]} a6 {[%emt 0:00:05]
} 6. a4 {[%emt 0:01:49]} c5 {[%emt 0:00:08]} 7. O-O {[%emt 0:00:09]} Nc6 {
[%emt 0:00:23]} 8. Qe2 {[%emt 0:00:44]} cxd4 {[%emt 0:00:51]} 9. Rd1 {
[%emt 0:00:18]} Be7 {[%emt 0:00:19]} 10. exd4 {[%emt 0:00:12]} O-O {
[%emt 0:00:09]} 11. Nc3 {[%emt 0:00:29]} Nb4 {[%emt 0:00:20]} 12. Ne5 {
[%emt 0:02:19]} b6 {[%emt 0:02:57]} 13. Qf3 {[%emt 0:29:52]} Ra7 {
[%emt 0:00:14]} 14. Qh3 {[%emt 0:05:50]} Rc7 {[%emt 0:19:05]} 15. Bb3 {
[%emt 0:01:27]} Nfd5 {[%emt 0:09:36]} 16. Bd2 {[%emt 0:06:04]} Bg5 {
[%emt 0:38:25]} 17. Qg3 {[%emt 0:00:59]} Bxd2 {[%emt 0:01:45]} 18. Rxd2 {
[%emt 0:00:08]} Bb7 {[%emt 0:14:53]} 19. Rdd1 {[%emt 0:02:32]} Qe7 {
[%emt 0:03:34]} 20. a5 {[%emt 0:03:47]} bxa5 {[%emt 0:03:24]} 21. Ne4 {
[%emt 0:03:38]} Nf6 {[%emt 0:00:59]} 22. Nxf6+ {[%emt 0:03:51]} Qxf6 {
[%emt 0:00:01]} 23. Rxa5 {[%emt 0:02:05]} Rfc8 {[%emt 0:01:22]} 24. h4 {
[%emt 0:04:14]} Bd5 {[%emt 0:00:57]} 25. Bxd5 {[%emt 0:01:19]} Nxd5 {
[%emt 0:00:44]} 26. Ng4 {[%emt 0:07:16]} Qg6 {[%emt 0:00:39]} 27. h5 {
[%emt 0:03:48]} Qg5 {[%emt 0:00:48]} 28. Rc5 {[%emt 0:06:58]} h6 {
[%emt 0:00:42]} 29. b4 {[%emt 0:01:27]} Rxc5 {[%emt 0:00:44]} 30. bxc5 {
[%emt 0:00:52]} a5 {[%emt 0:00:56]} 31. Rb1 {[%emt 0:02:46]} Qf4 {
[%emt 0:01:00]} 32. Rb7 {[%emt 0:03:19]} Qxg3 {[%emt 0:00:25]} 33. fxg3 {
[%emt 0:00:01]} Ra8 {[%emt 0:00:36]} 34. c6 {[%emt 0:00:05]} Rc8 {
[%emt 0:00:30]} 35. Ne5 {[%emt 0:00:20]} Nb4 {[%emt 0:01:03]} 36. c7 {
[%emt 0:04:30]} Na6 {[%emt 0:00:00]} 37. Ra7 {[%emt 0:02:55]} Nxc7 {
[%emt 0:00:08]} 38. Rxa5 {[%emt 0:00:24]} Nd5 {[%emt 0:00:41]} 39. Ra7 {
[%emt 0:00:12]} Rf8 {[%emt 0:00:34]} 40. g4 {[%emt 0:00:17]} Nf6 {
[%emt 0:00:06]} 41. Kf2 {[%emt 0:00:28]} Ne4+ {[%emt 0:00:12]} 42. Kf3 {
[%emt 0:00:16]} Ng5+ {[%emt 0:00:02]} 43. Ke3 {[%emt 0:00:19]} Rb8 {
[%emt 0:00:08]} 44. Rd7 {[%emt 0:00:34]} Ra8 {[%emt 0:00:14]} 1/2-1/2

[Event "Charlotte Holiday GM"]
[Site "Charlotte USA"]
[Date "2021.12.21"]
[Round "4.4"]
[White "Liang, Jason"]
[Black "Panjwani, Raja"]
[Result "1/2-1/2"]
[WhiteElo "2410"]
[BlackElo "2431"]
[PlyCount "98"]
[EventDate "2021.12.19"]
[EventType "tourn"]
[EventRounds "9"]
[EventCountry "USA"]
[EventCategory "7"]
[Source "ChessMix"]
[SourceDate "2022.01.01"]

1. e4 c5 2. Nf3 g6 3. c3 d5 4. exd5 Qxd5 5. d4 Bg7 6. Na3 cxd4 7. Nb5 Na6 8.
Nbxd4 Nf6 9. Bb5+ Bd7 10. Bxa6 bxa6 11. O-O O-O 12. Re1 Rfe8 13. Ne5 Bc8 14. c4
Qd6 15. Qf3 Bb7 16. Qxb7 Qxd4 17. Nc6 Qxc4 18. Nxe7+ Kh8 19. Bg5 Qc5 20. h4 h6
21. Rac1 Qb5 22. Qxb5 axb5 23. Bd2 Rad8 24. Bc3 Kh7 25. Nc6 Rxe1+ 26. Rxe1 Rd7
27. Re7 Rxe7 28. Nxe7 Ne4 29. Bxg7 Kxg7 30. f3 Nc5 31. Nd5 a5 32. a3 f5 33. b4
axb4 34. axb4 Na6 35. Kf2 Kf7 36. Ke3 Ke6 37. Kd4 Kd6 38. g3 Nb8 39. Nc3 Nc6+
40. Ke3 Nxb4 41. Nxb5+ Ke5 42. f4+ Ke6 43. Nd4+ Kf6 44. Kf3 Nd5 45. Nc6 g5 46.
hxg5+ hxg5 47. fxg5+ Kxg5 48. Nd4 Kf6 49. Nxf5 Kxf5 1/2-1/2

[Event "Charlotte Holiday GM"]
[Site "Charlotte USA"]
[Date "2021.12.21"]
[Round "5.2"]
[White "Panjwani, Raja"]
[Black "Spicha, K. Alexander"]
[Result "1-0"]
[WhiteElo "2431"]
[BlackElo "2083"]
[PlyCount "59"]
[EventDate "2021.12.19"]
[EventType "tourn"]
[EventRounds "9"]
[EventCountry "USA"]
[EventCategory "7"]
[Source "ChessMix"]
[SourceDate "2022.01.01"]

1. d4 d5 2. c4 e6 3. Nc3 c6 4. e3 Nf6 5. Nf3 Nbd7 6. Qc2 Bd6 7. b3 O-O 8. Be2
b6 9. O-O Bb7 10. Bb2 Qe7 11. Rfe1 Rfe8 12. e4 Nxe4 13. Nxe4 dxe4 14. Qxe4 Nf6
15. Qc2 Rad8 16. h3 h6 17. Bf1 Qf8 18. Rad1 Be7 19. Ne5 c5 20. d5 exd5 21. cxd5
Nxd5 22. Bb5 Nb4 23. Qb1 Bg5 24. Bxe8 Qxe8 25. Nd7 Be7 26. Qf5 Nc6 27. Qg4 Nd4
28. Rxd4 f5 29. Qxg7+ Kxg7 30. Rg4+ 1-0

[Event "Charlotte Holiday GM"]
[Site "Charlotte USA"]
[Date "2021.12.22"]
[Round "6.5"]
[White "Ali Marandi, Cemil Can"]
[Black "Panjwani, Raja"]
[Result "1/2-1/2"]
[WhiteElo "2542"]
[BlackElo "2431"]
[PlyCount "66"]
[EventDate "2021.12.19"]
[EventType "tourn"]
[EventRounds "9"]
[EventCountry "USA"]
[EventCategory "7"]
[Source "ChessMix"]
[SourceDate "2022.01.01"]

1. d4 Nf6 2. Nf3 b6 3. g3 Bb7 4. Bg2 e6 5. c4 Be7 6. O-O O-O 7. Nc3 Ne4 8. Bd2
f5 9. Ne5 d6 10. Nd3 Qe8 11. Nf4 Nxc3 12. Bxc3 Bxg2 13. Kxg2 Bg5 14. Nh3 Bf6
15. Qd3 Nd7 16. Rae1 Qf7 17. f4 Rae8 18. e4 fxe4 19. Qxe4 d5 20. Qe2 h6 21. Ng1
c5 22. Nf3 Qh5 23. b3 cxd4 24. Bxd4 Bxd4 25. Nxd4 Qxe2+ 26. Rxe2 dxc4 27. bxc4
Nc5 28. Rfe1 Rc8 29. Kh3 Rf7 30. Kg4 Rd7 31. Nxe6 Nd3 32. Rf1 Rxc4 33. Kh3 Nc5
1/2-1/2

[Event "Charlotte Holiday GM"]
[Site "Charlotte USA"]
[Date "2021.12.22"]
[Round "7.1"]
[White "Panjwani, Raja"]
[Black "Maiti, Milind"]
[Result "1/2-1/2"]
[WhiteElo "2431"]
[BlackElo "2395"]
[PlyCount "31"]
[EventDate "2021.12.19"]
[EventType "tourn"]
[EventRounds "9"]
[EventCountry "USA"]
[EventCategory "7"]
[Source "ChessMix"]
[SourceDate "2022.01.01"]

1. c4 c6 2. e4 d5 3. exd5 cxd5 4. d4 Nf6 5. Nc3 Nc6 6. Nf3 Bg4 7. Be3 e6 8. c5
Be7 9. Be2 O-O 10. O-O Ne4 11. Nd2 Nxc3 12. bxc3 Bxe2 13. Qxe2 b6 14. Nb3 bxc5
15. dxc5 Bf6 16. Rac1 1/2-1/2

[Event "Charlotte Holiday GM"]
[Site "Charlotte USA"]
[Date "2021.12.23"]
[Round "8.5"]
[White "Panjwani, Raja"]
[Black "Lenderman, Aleksandr"]
[Result "1/2-1/2"]
[WhiteElo "2431"]
[BlackElo "2621"]
[PlyCount "40"]
[EventDate "2021.12.19"]
[EventType "tourn"]
[EventRounds "9"]
[EventCountry "USA"]
[EventCategory "7"]
[Source "ChessMix"]
[SourceDate "2022.01.01"]

1. b3 d5 2. Bb2 Nf6 3. e3 e6 4. f4 Be7 5. Nf3 O-O 6. Be2 c5 7. O-O Ne4 8. d3
Nd6 9. g4 Nc6 10. Ne5 f6 11. Nxc6 bxc6 12. Qe1 a5 13. Nc3 e5 14. Na4 exf4 15.
exf4 Nb5 16. Qf2 d4 17. Bf3 Qc7 18. Rae1 Bd6 19. Bc1 Bd7 20. f5 Rae8 1/2-1/2

[Event "US Masters"]
[Site "Charlotte USA"]
[Date "2021.11.25"]
[Round "3.16"]
[White "Arjun, Vishnuvardhan"]
[Black "Panjwani, Raja"]
[Result "0-1"]
[WhiteElo "2289"]
[BlackElo "2448"]
[PlyCount "88"]
[EventDate "2021.11.24"]
[EventType "swiss"]
[EventRounds "9"]
[EventCountry "USA"]
[Source "ChessMix"]
[SourceDate "2021.12.01"]

1. c4 {[%emt 0:06:44]} g6 {[%emt 0:00:24]} 2. g3 {[%emt 0:00:21]} Bg7 {
[%emt 0:00:26]} 3. Bg2 {[%emt 0:00:05]} c5 {[%emt 0:00:50]} 4. Nc3 {
[%emt 0:00:25]} Nc6 {[%emt 0:00:18]} 5. e3 {[%emt 0:01:04]} Nh6 {[%emt 0:00:18]
} 6. Nge2 {[%emt 0:00:10]} Nf5 {[%emt 0:00:12]} 7. Rb1 {[%emt 0:00:54]} b6 {
[%emt 0:10:38]} 8. a3 {[%emt 0:02:44]} Bb7 {[%emt 0:01:09]} 9. b4 {
[%emt 0:00:09]} Qc8 {[%emt 0:02:50]} 10. O-O {[%emt 0:02:25]} d6 {
[%emt 0:04:25]} 11. d3 {[%emt 0:03:49]} O-O {[%emt 0:01:39]} 12. Qb3 {
[%emt 0:00:32]} Rb8 {[%emt 0:18:32]} 13. Bb2 {[%emt 0:00:38]} Nd8 {
[%emt 0:15:39]} 14. Nd5 {[%emt 0:05:51]} e6 {[%emt 0:01:18]} 15. Bxg7 {
[%emt 0:02:04]} Kxg7 {[%emt 0:00:12]} 16. Qb2+ {[%emt 0:02:14]} f6 {
[%emt 0:00:25]} 17. Ndf4 {[%emt 0:00:52]} g5 {[%emt 0:07:40]} 18. Bxb7 {
[%emt 0:07:12]} Qxb7 {[%emt 0:00:34]} 19. e4 {[%emt 0:03:24]} gxf4 {
[%emt 0:04:05]} 20. exf5 {[%emt 0:00:15]} f3 {[%emt 0:00:53]} 21. Nf4 {
[%emt 0:00:23]} e5 {[%emt 0:00:35]} 22. Nh5+ {[%emt 0:07:42]} Kf7 {
[%emt 0:08:23]} 23. Qd2 {[%emt 0:00:20]} Qd7 {[%emt 0:01:21]} 24. g4 {
[%emt 0:12:02]} Rg8 {[%emt 0:00:14]} 25. h3 {[%emt 0:05:41]} Qxf5 {
[%emt 0:01:46]} 26. Ng3 {[%emt 0:00:18]} Qg6 {[%emt 0:01:58]} 27. Qe3 {
[%emt 0:03:29]} h5 {[%emt 0:04:22]} 28. gxh5 {[%emt 0:01:26]} Qxh5 {
[%emt 0:00:08]} 29. Kh2 {[%emt 0:00:05]} Qh7 {[%emt 0:01:41]} 30. Qxf3 {
[%emt 0:00:10]} Ne6 {[%emt 0:00:59]} 31. Qf5 {[%emt 0:03:41]} Rg6 {
[%emt 0:06:15]} 32. Rbe1 {[%emt 0:02:16]} Rh8 {[%emt 0:02:41]} 33. f4 {
[%emt 0:02:35]} Qh4 {[%emt 0:06:26]} 34. Re3 {[%emt 0:06:57]} Rg4 {
[%emt 0:01:39]} 35. Ne2 {[%emt 0:07:41]} Rh5 {[%emt 0:02:15]} 36. Qe4 {
[%emt 0:00:25]} Nxf4 {[%emt 0:01:09]} 37. Nxf4 {[%emt 0:05:09]} Rxf4 {
[%emt 0:00:04]} 38. Qd5+ {[%emt 0:10:36]} Kg7 {[%emt 0:00:05]} 39. Rg3+ {
[%emt 0:00:48]} Rg5 {[%emt 0:01:14]} 40. Rxg5+ {[%emt 0:00:12]} fxg5 {
[%emt 0:00:06]} 41. Rxf4 {[%emt 0:01:03]} gxf4 {[%emt 0:01:14]} 42. Qe6 {
[%emt 0:01:06]} Qg3+ {[%emt 0:00:56]} 43. Kh1 {[%emt 0:00:01]} f3 {
[%emt 0:01:09]} 44. Qe7+ {[%emt 0:00:38]} Kg6 {[%emt 0:00:10]} 0-1

[Event "US Masters"]
[Site "Charlotte USA"]
[Date "2021.11.26"]
[Round "4.12"]
[White "Panjwani, Raja"]
[Black "Tsolakidou, Stavroula"]
[Result "1/2-1/2"]
[WhiteElo "2448"]
[BlackElo "2377"]
[PlyCount "98"]
[EventDate "2021.11.24"]
[EventType "swiss"]
[EventRounds "9"]
[EventCountry "USA"]
[Source "ChessMix"]
[SourceDate "2021.12.01"]

1. d4 {[%emt 0:00:04]} d5 {[%emt 0:01:49]} 2. c4 {[%emt 0:01:12]} c6 {
[%emt 0:00:08]} 3. Nf3 {[%emt 0:00:37]} Nf6 {[%emt 0:00:06]} 4. e3 {
[%emt 0:00:08]} e6 {[%emt 0:00:14]} 5. Nc3 {[%emt 0:00:37]} Nbd7 {
[%emt 0:00:12]} 6. Qc2 {[%emt 0:00:07]} Bd6 {[%emt 0:00:30]} 7. b3 {
[%emt 0:00:08]} O-O {[%emt 0:00:20]} 8. Be2 {[%emt 0:00:05]} b6 {[%emt 0:00:08]
} 9. Bb2 {[%emt 0:00:10]} Bb7 {[%emt 0:00:07]} 10. O-O {[%emt 0:00:09]} Qe7 {
[%emt 0:00:07]} 11. Rfd1 {[%emt 0:00:08]} Rfd8 {[%emt 0:00:30]} 12. Rac1 {
[%emt 0:00:09]} Rac8 {[%emt 0:00:15]} 13. Bf1 {[%emt 0:00:30]} c5 {
[%emt 0:08:08]} 14. cxd5 {[%emt 0:06:22]} exd5 {[%emt 0:00:21]} 15. Qf5 {
[%emt 0:09:34]} a6 {[%emt 0:09:25]} 16. dxc5 {[%emt 0:17:18]} bxc5 {
[%emt 0:05:00]} 17. Ne2 {[%emt 0:01:28]} Ne4 {[%emt 0:04:43]} 18. Ng3 {
[%emt 0:13:10]} Ndf6 {[%emt 0:12:57]} 19. Nxe4 {[%emt 0:12:55]} Nxe4 {
[%emt 0:01:38]} 20. Be5 {[%emt 0:00:21]} Re8 {[%emt 0:20:20]} 21. Bxd6 {
[%emt 0:00:32]} Nxd6 {[%emt 0:00:09]} 22. Qc2 {[%emt 0:09:55]} Qf6 {
[%emt 0:03:58]} 23. Ne1 {[%emt 0:05:33]} d4 {[%emt 0:07:57]} 24. Qb2 {
[%emt 0:04:35]} Nf5 {[%emt 0:00:47]} 25. exd4 {[%emt 0:01:07]} Nxd4 {
[%emt 0:06:08]} 26. Qc3 {[%emt 0:00:32]} Re2 {[%emt 0:02:43]} 27. Qg3 {
[%emt 0:04:43]} Re5 {[%emt 0:02:58]} 28. b4 {[%emt 0:02:47]} h5 {[%emt 0:05:51]
} 29. Rxc5 {[%emt 0:01:58]} Rcxc5 {[%emt 0:00:04]} 30. bxc5 {[%emt 0:00:06]} h4
{[%emt 0:01:25]} 31. Qg4 {[%emt 0:04:46]} Re4 {[%emt 0:02:41]} 32. Qd7 {
[%emt 0:00:09]} Bc6 {[%emt 0:00:13]} 33. Qd6 {[%emt 0:01:35]} Re6 {
[%emt 0:08:21]} 34. Qxd4 {[%emt 0:00:17]} Qxd4 {[%emt 0:00:04]} 35. Rxd4 {
[%emt 0:00:07]} Rxe1 {[%emt 0:00:03]} 36. a4 {[%emt 0:01:38]} h3 {
[%emt 0:00:02]} 37. f3 {[%emt 0:00:49]} Rc1 {[%emt 0:00:10]} 38. Rc4 {
[%emt 0:02:06]} Ra1 {[%emt 0:00:03]} 39. gxh3 {[%emt 0:04:18]} Bxa4 {
[%emt 0:00:37]} 40. c6 {[%emt 0:00:14]} Rxf1+ {[%emt 0:00:12]} 41. Kg2 {
[%emt 0:00:03]} Bxc6 {[%emt 0:01:22]} 42. Rxc6 {[%emt 0:00:07]} Ra1 {
[%emt 0:00:03]} 43. h4 {[%emt 0:00:09]} a5 {[%emt 0:00:53]} 44. h5 {
[%emt 0:00:09]} Kh7 {[%emt 0:00:05]} 45. Ra6 {[%emt 0:00:54]} a4 {
[%emt 0:00:03]} 46. h4 {[%emt 0:00:53]} a3 {[%emt 0:00:14]} 47. Kg3 {
[%emt 0:03:07]} f6 {[%emt 0:00:38]} 48. Ra8 {[%emt 0:00:15]} Rg1+ {
[%emt 0:02:30]} 49. Kh2 {[%emt 0:00:41]} Ra1 {[%emt 0:00:04]} 1/2-1/2

[Event "US Masters"]
[Site "Charlotte USA"]
[Date "2021.11.26"]
[Round "5.6"]
[White "Naroditsky, Daniel"]
[Black "Panjwani, Raja"]
[Result "1-0"]
[WhiteElo "2622"]
[BlackElo "2448"]
[PlyCount "69"]
[EventDate "2021.11.24"]
[EventType "swiss"]
[EventRounds "9"]
[EventCountry "USA"]
[Source "ChessMix"]
[SourceDate "2021.12.01"]

1. e4 {[%emt 0:00:03]} e5 {[%emt 0:00:30]} 2. Nf3 {[%emt 0:00:19]} Nc6 {
[%emt 0:00:07]} 3. Bb5 {[%emt 0:00:45]} g6 {[%emt 0:00:22]} 4. c3 {
[%emt 0:00:13]} a6 {[%emt 0:00:06]} 5. Ba4 {[%emt 0:00:07]} d6 {[%emt 0:00:08]}
6. d4 {[%emt 0:00:19]} Bd7 {[%emt 0:00:08]} 7. O-O {[%emt 0:00:40]} Bg7 {
[%emt 0:00:06]} 8. Re1 {[%emt 0:01:24]} Nf6 {[%emt 0:00:16]} 9. Nbd2 {
[%emt 0:03:15]} O-O {[%emt 0:00:24]} 10. Bc2 {[%emt 0:02:09]} a5 {
[%emt 0:00:20]} 11. h3 {[%emt 0:08:10]} a4 {[%emt 0:08:26]} 12. a3 {
[%emt 0:06:23]} b5 {[%emt 0:06:42]} 13. Nf1 {[%emt 0:04:17]} Nh5 {
[%emt 0:03:07]} 14. Bg5 {[%emt 0:03:03]} f6 {[%emt 0:02:05]} 15. Be3 {
[%emt 0:01:29]} Na5 {[%emt 0:02:13]} 16. N1d2 {[%emt 0:00:29]} Kh8 {
[%emt 0:03:26]} 17. Bd3 {[%emt 0:04:36]} Rb8 {[%emt 0:09:12]} 18. Qc2 {
[%emt 0:04:21]} Nf4 {[%emt 0:03:29]} 19. Bxf4 {[%emt 0:05:37]} exf4 {
[%emt 0:00:22]} 20. e5 {[%emt 0:00:08]} fxe5 {[%emt 0:08:44]} 21. dxe5 {
[%emt 0:00:58]} dxe5 {[%emt 0:00:59]} 22. Nxe5 {[%emt 0:00:04]} Be8 {
[%emt 0:03:00]} 23. Rad1 {[%emt 0:04:41]} Nb7 {[%emt 0:18:01]} 24. Ndf3 {
[%emt 0:01:18]} Qf6 {[%emt 0:03:46]} 25. Qb1 {[%emt 0:07:01]} Nc5 {
[%emt 0:02:44]} 26. Bc2 {[%emt 0:01:11]} Rd8 {[%emt 0:01:18]} 27. h4 {
[%emt 0:10:19]} Rxd1 {[%emt 0:00:43]} 28. Rxd1 {[%emt 0:00:14]} Bc6 {
[%emt 0:07:32]} 29. Nxc6 {[%emt 0:01:49]} Qxc6 {[%emt 0:00:07]} 30. h5 {
[%emt 0:00:02]} Bf6 {[%emt 0:06:43]} 31. hxg6 {[%emt 0:01:08]} Rg8 {
[%emt 0:04:33]} 32. gxh7 {[%emt 0:03:04]} Rg7 {[%emt 0:00:11]} 33. Bg6 {
[%emt 0:02:45]} Be7 {[%emt 0:00:51]} 34. Ne5 {[%emt 0:00:22]} Qf6 {
[%emt 0:04:44]} 35. Qf5 {[%emt 0:00:17]} 1-0

[Event "US Masters"]
[Site "Charlotte USA"]
[Date "2021.11.27"]
[Round "6.21"]
[White "Panjwani, Raja"]
[Black "Tsay, Vincent"]
[Result "1-0"]
[WhiteElo "2448"]
[BlackElo "2297"]
[PlyCount "81"]
[EventDate "2021.11.24"]
[EventType "swiss"]
[EventRounds "9"]
[EventCountry "USA"]
[Source "ChessMix"]
[SourceDate "2021.12.01"]

1. d4 {[%emt 1:00:40]} d5 {[%emt 0:00:23]} 2. Nf3 {[%emt 0:00:11]} Nf6 {
[%emt 0:00:20]} 3. c3 {[%emt 0:00:10]} e6 {[%emt 0:09:09]} 4. Bf4 Bd6 5. e3 O-O
6. Nbd2 b6 {[%emt 0:02:20]} 7. Ne5 Ne4 {[%emt 0:03:05]} 8. Bd3 {[%emt 0:14:56]}
Nxd2 {[%emt 0:08:26]} 9. Kxd2 {[%emt 0:11:47]} Nd7 10. Qb1 {[%emt 0:10:17]} f5
{[%emt 0:07:45]} 11. h4 {[%emt 0:01:23]} Bxe5 {[%emt 0:07:00]} 12. dxe5 {
[%emt 0:00:26]} Nc5 {[%emt 0:03:09]} 13. Bc2 {[%emt 0:00:44]} a5 {
[%emt 0:01:55]} 14. f3 {[%emt 0:02:12]} b5 {[%emt 0:21:32]} 15. Qg1 b4 16. g4
bxc3+ 17. bxc3 Ba6 {[%emt 0:02:01]} 18. Rh3 {[%emt 0:01:45]} Qd7 {
[%emt 0:03:43]} 19. Rg3 {[%emt 0:02:44]} Qd8 {[%emt 0:11:55]} 20. Rh3 Qd7 21.
Rg3 Rfd8 22. Rd1 {[%emt 0:15:33]} Rab8 {[%emt 0:05:55]} 23. gxf5 {
[%emt 0:00:50]} Rb2 {[%emt 0:01:04]} 24. Rxg7+ {[%emt 0:03:52]} Qxg7 {
[%emt 0:00:24]} 25. Bh6 {[%emt 0:00:20]} Qxg1 {[%emt 0:07:30]} 26. Rxg1+ {
[%emt 0:00:09]} Kf7 {[%emt 0:00:33]} 27. Rg7+ {[%emt 0:00:09]} Ke8 {
[%emt 0:00:16]} 28. f6 {[%emt 0:00:24]} Rxc2+ {[%emt 0:02:21]} 29. Kxc2 {
[%emt 0:00:05]} Rd7 {[%emt 0:00:29]} 30. Rg8+ {[%emt 0:04:19]} Kf7 {
[%emt 0:00:15]} 31. Rg7+ {[%emt 0:00:18]} Ke8 {[%emt 0:00:04]} 32. Rg8+ {
[%emt 0:00:11]} Kf7 {[%emt 0:00:05]} 33. Ra8 {[%emt 0:00:25]} Bb7 {
[%emt 0:05:45]} 34. Rb8 {[%emt 0:00:09]} Kg6 {[%emt 0:06:24]} 35. Bf8 {
[%emt 0:00:08]} d4 {[%emt 0:03:49]} 36. exd4 {[%emt 0:05:29]} Bd5 {
[%emt 0:01:31]} 37. Bxc5 {[%emt 0:00:09]} Bxa2 {[%emt 0:00:03]} 38. Rg8+ {
[%emt 0:00:10]} Kf7 {[%emt 0:00:27]} 39. Rg7+ {[%emt 0:00:07]} Ke8 {
[%emt 0:00:04]} 40. Rxd7 {[%emt 0:00:09]} Kxd7 {[%emt 0:00:04]} 41. f7 {
[%emt 0:00:08]} 1-0

[Event "US Masters"]
[Site "Charlotte USA"]
[Date "2021.11.27"]
[Round "7.18"]
[White "Vanapalli, Vishnu"]
[Black "Panjwani, Raja"]
[Result "1-0"]
[WhiteElo "1914"]
[BlackElo "2448"]
[PlyCount "105"]
[EventDate "2021.11.24"]
[EventType "swiss"]
[EventRounds "9"]
[EventCountry "USA"]
[Source "ChessMix"]
[SourceDate "2021.12.01"]

1. c4 {[%emt 0:00:04]} Nf6 {[%emt 0:01:09]} 2. g3 {[%emt 0:00:08]} g6 {
[%emt 0:01:26]} 3. d4 {[%emt 0:00:17]} Bg7 {[%emt 0:00:36]} 4. Bg2 {
[%emt 0:00:10]} O-O {[%emt 0:00:19]} 5. Nc3 {[%emt 0:00:15]} d6 {[%emt 0:00:44]
} 6. Nf3 {[%emt 0:00:19]} c5 {[%emt 0:07:13]} 7. O-O {[%emt 0:00:22]} Nc6 {
[%emt 0:00:09]} 8. dxc5 {[%emt 0:00:19]} dxc5 {[%emt 0:00:06]} 9. Bf4 {
[%emt 0:00:08]} Nh5 {[%emt 0:00:07]} 10. Be3 {[%emt 0:01:34]} b6 {
[%emt 0:00:14]} 11. Qc1 {[%emt 0:06:21]} Bb7 {[%emt 0:00:21]} 12. Rd1 {
[%emt 0:01:20]} Qe8 {[%emt 0:03:48]} 13. Bh6 {[%emt 0:06:18]} f6 {
[%emt 0:00:47]} 14. Bxg7 {[%emt 0:04:04]} Nxg7 {[%emt 0:00:22]} 15. Ne1 {
[%emt 0:00:55]} Na5 {[%emt 0:07:05]} 16. Bxb7 {[%emt 0:05:41]} Nxb7 {
[%emt 0:00:07]} 17. Ng2 {[%emt 0:00:32]} e6 {[%emt 0:04:09]} 18. Ne3 {
[%emt 0:12:45]} g5 {[%emt 0:06:27]} 19. Ne4 {[%emt 0:11:53]} Qe7 {
[%emt 0:04:35]} 20. Qc3 {[%emt 0:08:14]} Nf5 {[%emt 0:11:20]} 21. Nc2 {
[%emt 0:02:00]} Na5 {[%emt 0:06:53]} 22. Rd2 {[%emt 0:06:34]} Nc6 {
[%emt 0:02:06]} 23. e3 {[%emt 0:00:23]} g4 {[%emt 0:05:06]} 24. Rf1 {
[%emt 0:09:33]} Ne5 {[%emt 0:14:07]} 25. Ne1 {[%emt 0:00:14]} Qg7 {
[%emt 0:01:06]} 26. f4 {[%emt 0:04:54]} gxf3 {[%emt 0:00:16]} 27. Nxf3 {
[%emt 0:00:12]} Ng4 {[%emt 0:00:14]} 28. Re2 {[%emt 0:12:05]} Qh6 {
[%emt 0:11:20]} 29. Rfe1 {[%emt 0:01:52]} Qh3 {[%emt 0:01:02]} 30. Nf2 {
[%emt 0:00:54]} Nxf2 {[%emt 0:00:21]} 31. Rxf2 {[%emt 0:00:13]} Rad8 {
[%emt 0:00:42]} 32. Rd2 {[%emt 0:02:06]} Nd6 {[%emt 0:03:03]} 33. e4 {
[%emt 0:01:47]} Qg4 {[%emt 0:00:21]} 34. Rde2 {[%emt 0:00:55]} Nb7 {
[%emt 0:03:13]} 35. Nh4 {[%emt 0:05:43]} Na5 {[%emt 0:01:50]} 36. Rf2 {
[%emt 0:00:03]} Rd1 {[%emt 0:05:39]} 37. Rxd1 {[%emt 0:02:50]} Qxd1+ {
[%emt 0:00:01]} 38. Kg2 Qd4 {[%emt 0:07:09]} 39. Qf3 {[%emt 0:01:13]} Nxc4 {
[%emt 0:01:32]} 40. Qg4+ {[%emt 0:00:46]} Kh8 {[%emt 0:00:45]} 41. Qxe6 {
[%emt 0:00:43]} Ne3+ {[%emt 0:00:05]} 42. Kh3 {[%emt 0:02:16]} Nd1 {
[%emt 0:00:10]} 43. Re2 {[%emt 0:01:18]} Qe5 {[%emt 0:03:13]} 44. Qb3 {
[%emt 0:01:06]} Rd8 {[%emt 0:00:11]} 45. Nf5 {[%emt 0:00:17]} Qe8 {
[%emt 0:00:23]} 46. Qf3 {[%emt 0:00:41]} c4 {[%emt 0:00:26]} 47. Kg2 {
[%emt 0:00:53]} Rd3 {[%emt 0:00:37]} 48. Qf4 {[%emt 0:00:21]} Rd8 {
[%emt 0:01:08]} 49. Qc7 {[%emt 0:00:37]} Qd7 {[%emt 0:00:20]} 50. Qxc4 {
[%emt 0:00:16]} Rc8 {[%emt 0:00:12]} 51. Qd5 {[%emt 0:00:34]} Qxd5 {
[%emt 0:01:08]} 52. exd5 {[%emt 0:00:04]} Rd8 {[%emt 0:00:30]} 53. d6 {
[%emt 0:00:38]} 1-0

[Event "US Masters"]
[Site "Charlotte USA"]
[Date "2021.11.28"]
[Round "8.21"]
[White "Panjwani, Raja"]
[Black "Morefield, Jason"]
[Result "0-1"]
[WhiteElo "2448"]
[BlackElo "2227"]
[PlyCount "60"]
[EventDate "2021.11.24"]
[EventType "swiss"]
[EventRounds "9"]
[EventCountry "USA"]
[Source "ChessMix"]
[SourceDate "2021.12.01"]

1. d4 {[%emt 0:00:03]} d5 {[%emt 0:00:07]} 2. Nf3 {[%emt 0:00:06]} c6 {
[%emt 0:00:11]} 3. Bf4 {[%emt 0:00:39]} Nf6 {[%emt 0:02:51]} 4. e3 {
[%emt 0:00:45]} Bf5 {[%emt 0:06:55]} 5. h3 {[%emt 0:01:26]} e6 {[%emt 0:03:17]}
6. Be2 {[%emt 0:00:41]} Nbd7 {[%emt 0:02:57]} 7. O-O {[%emt 0:02:56]} Be7 {
[%emt 0:01:02]} 8. c4 {[%emt 0:00:45]} O-O {[%emt 0:00:10]} 9. Nc3 {
[%emt 0:00:20]} dxc4 {[%emt 0:06:52]} 10. Bxc4 {[%emt 0:00:28]} c5 {
[%emt 0:01:18]} 11. Be2 {[%emt 0:21:25]} Ne4 {[%emt 0:08:44]} 12. d5 {
[%emt 0:02:45]} Nxc3 {[%emt 0:00:53]} 13. bxc3 {[%emt 0:00:08]} Bf6 {
[%emt 0:03:53]} 14. g4 {[%emt 0:10:10]} Be4 {[%emt 0:01:18]} 15. dxe6 {
[%emt 0:00:22]} fxe6 {[%emt 0:00:07]} 16. Bc4 {[%emt 0:05:10]} Qe8 {
[%emt 0:13:18]} 17. Bb5 {[%emt 0:06:33]} Qf7 {[%emt 0:09:32]} 18. Nd2 {
[%emt 0:03:23]} Bg6 {[%emt 0:03:10]} 19. Qb3 {[%emt 0:03:37]} Nb6 {
[%emt 0:02:53]} 20. Bg3 {[%emt 0:05:20]} Rad8 {[%emt 0:02:42]} 21. Rad1 {
[%emt 0:03:29]} a6 {[%emt 0:02:05]} 22. Bxa6 {[%emt 0:07:57]} bxa6 {
[%emt 0:00:10]} 23. Qxb6 {[%emt 0:00:06]} Bc2 {[%emt 0:05:23]} 24. Bd6 {
[%emt 0:04:11]} Bxd1 {[%emt 0:04:03]} 25. Rxd1 {[%emt 0:00:21]} Be7 {
[%emt 0:04:13]} 26. Ne4 {[%emt 0:00:41]} Qf3 {[%emt 0:01:39]} 27. Rf1 {
[%emt 0:00:36]} Bxd6 {[%emt 0:00:33]} 28. Nxd6 {[%emt 0:00:05]} Qd5 {
[%emt 0:02:00]} 29. Nb7 {[%emt 0:01:01]} Rb8 {[%emt 0:00:06]} 30. Rb1 {
[%emt 0:00:21]} Rf7 {[%emt 0:00:15]} 0-1